Statistics for List of DBZ ki blasts

Click here to take the quiz!

General Stats

  • This quiz has been taken 232 times
  • The average score is 7 of 9

Answer Stats

Hint Answer % Correct
Turtle school's signatureKamehameha
99%
Vegeta's most powerful attackFinal Flash
96%
Piccolo's signatureSpecial beam cannon
88%
Krillin's signatureDestructo Disc
87%
Tien's signatureTri-beam Cannon
85%
Borrow energy from every lifeformSpirit Bomb
85%
Gohan's finisher at the start of DBZMasenko
68%
Vegito's signatureFinal Kamehameha
53%
Vegeta's attack similar to NO1Gallick Gun
17%

Score Distribution

Percentile by Number Answered

Percent of People with Each Score

Your Score History

You have not taken this quiz